000
00319 a2200157 4500
245
_a
Diététique de l'enfant
100
_a
André, G.
260
_c
1983
300
_a
X-276 p.
035
_a
3106
035
_a
8949
035
_a
9056
999
_c
17513
_d
17513